Movies Quiz

Random Movies or Quote Quiz

Disney Movie Sidekicks Quiz Stats

 Plays Quiz not verified by Sporcle

Challenge
Share
Tweet
Embed
Score 0/21 Timer 10:00
0 Plays Today
Character Quote Name of Character % Correct
Phenomenal cosmic power, itty bitty living spaceGenie
78.4%
Well there the usual; flowers, chocolates, promises you don't intend to keepCogsworth
68.6%
Listen to me. The human world is a messSebastian
68.6%
Play nice. Unless one of the other kids wanna fight, then you have to kick the other kids buttMushu
60.8%
Don't pick the prickly pear with the paw. When you pick a pear try to use the clawBaloo
56.9%
All you need is faith and trust and a little bit of pixie dustTinkerbell
52.9%
Mum are you sure this water is sanitary? It looks questionable to me!Tantor
47.1%
First, uhh, this shark crossed us. Yeah, yeah and we tried to - but we couldn't - and - grrrr - and and we wooooosshh - oh, and then we were safeFlounder
41.2%
You don't have time to be timid! You must be bold, daringLumiere
37.3%
The very things that held ya down are gonna carry ya up, and up, and upTimothy
35.3%
Bad things happen, and you can't do anything about itTimon
33.3%
Character Quote Name of Character % Correct
It's so cute. It's like a little baby unicornOlaf
31.4%
Here's your pan, here's your frogPascal
29.4%
They can't order me to stop dreamingJaq
29.4%
Best friend coming through, that'd be meTerk
29.4%
Well gee, eh, you're one big beaverRutt
25.5%
Aww, look at him trying to kiss my noseSven
21.6%
Can I be your best man?Pumbaa
19.6%
Take it easy, cluck cluckGus
15.7%
Is this bottomless pit a friend of yours?Meeko
15.7%
I said I love ... dewTuke
13.7%

You're not logged in!

Compare scores with friends on all Sporcle quizzes.
Join for Free
OR
Log In

You Might Also Like...

Show Comments

Extras

Top Quizzes Today


Score Distribution

Your Account Isn't Verified!

In order to create a playlist on Sporcle, you need to verify the email address you used during registration. Go to your Sporcle Settings to finish the process.

Report this User

Report this user for behavior that violates our Community Guidelines.

Details: